| 000 | 00513pam a2200181 a 4500 | ||
|---|---|---|---|
| 020 | _a0878930515 : | ||
| 040 | _cDLC | ||
| 082 | 0 | 0 | _a574 SIN 1986 A080 Or. |
| 100 | 1 | _aBegon, Michael. | |
| 245 | 1 | 0 |
_aEcology : _bindividuals, populations, and communities / |
| 260 |
_aSunderland, Mass. : _bSinauer Associates, _cc1986. |
||
| 300 |
_axii, 876 p. : _bill. (some col.) ; _c26 cm. |
||
| 500 | _aIncludes indexes. | ||
| 650 | 0 | _aEcology. | |
| 700 | 1 | _aHarper, John L. | |
| 700 | 1 | _aTownsend, Colin R. | |
| 942 | _cEK | ||
| 999 |
_c15801 _d15801 |
||